| 000 | 00450nam a22001577a 4500 | ||
|---|---|---|---|
| 008 | 230322b |||||||| |||| 00| 0 eng d | ||
| 040 |
_aNational Science Library _cNational Science Library |
||
| 080 | _a621.039.85(05) | ||
| 245 |
_aAdvances in tracer methodology _b _c |
||
| 260 |
_aLondon: _bPlenum press, _c1966 |
||
| 300 | _axiii, 443p, | ||
| 650 | _aPhysics | ||
| 653 | _aMagnetism | ||
| 700 | _aRothchild, Seymour (Ed.) | ||
| 942 |
_2udc _cBK |
||
| 999 |
_c58175 _d58175 |
||